00599nam a2200193Ia 4500003000900000008004100009020002100050040001600071080001500087100002500102245007000127260003400197300001300231650002900244650001900273942000700292999001500299952009100314IN-BaIIA211028s9999 xx 000 0 eng d a 978-0486602202 cIIA Library a51-74bSMI aSmith, Lloyd P93057 0aMathematical methods for scientists and engineerscLloyd P. Smith aNew YorkbPrentice-Hallc1953 ax, 453p. aMathematics-general9750 aNASA thesaurus cBK c1511d1511 00104070aBANbBANcGENd0000-00-00l0o51-74/ SMIp1629r2021-11-05w0000-00-00yBK